00335nam a2200169Ia 4500003000900000008004100009040001300050040001300063100001300076100000800089245001200097250001200109260001200121300000800133490000600141700001800147IT-RoPAU120407s9999 xx 000 0 und d aIT-RoPAU cIT-RoPAU aGerolamo csan aLettere aMilano  aRizzoli c cm v1 aRoberto Palla